Dirt Bike Brands - Statistics

General Stats
  • This quiz has been taken 36 times
  • The average score is 8 of 12
Answer Stats
Picture Answer % Correct
Honda
100%
Suzuki
100%
Kawasaki
96%
KTM
92%
Yamaha
92%
GasGas
81%
Husqvarna
77%
Beta
54%
Triumph
50%
Sherco
38%
TM Racing
31%
Fantic
23%
No matching quizzes found
Score Distribution
Percent of People with Each Score
Percentile by Number Answered
Your Score History
You have not taken this quiz